000 00279cam a2200121ua 4500
082 _a630.954
_bBRA/VI
100 _aBrayne, F L .
_91474
245 _aVillage ABC /
250 _a1 /
260 _aLondon :
_bOxford University Press ,
_c1950.
300 _a136 ; .
942 _cREF
999 _c9882
_d9882